000 00694nam a2200265Ia 4500
003 OSt
005 20221006160210.0
006 a|||||r|||| 00| 0
007 ta
008 221006b |||||||| |||| 00| 0 eng d
020 _a9788943303105
_cW9,000
024 _a44,596
037 _bGift, Window on Korea
_cTextual
040 _aEASL
_cEASL
_beng
041 _2eng
_aeng
082 _aO495,3, N7
100 _aLee Mi-ae
_9672365
245 0 _aHalf a loaf
260 _aGyeonggi
_bBorim Press Korea
_c1997
300 _a34p.
_ccm.
490 _v KEL
650 _aKEL
942 _hO495,3, N7
_cTEXL
_2CC
999 _c1112688
_d1112688